000 01235nam a2200241 i 4500
001 145726
003 ES-MaACL
005 20260201162719.0
007 t|
008 180530q1914 sp ||||1| spa d
100 1 _aHernández-Pacheco, Eduardo,
_d1872-1965
_963012
245 1 4 _aLas pinturas prehistóricas de Peña Tú /
_cpor Eduardo Hernández-Pacheco... y Juan Cabré... ; con la colaboración del Conde de la Vega del Sella.
260 _aMadrid :
_b[s.n.],
_c1914 (
_fArtes Gráficas Mateu)
300 _a23 p., II lám. neg. y col. :
_bil. ;
_c28 cm.
490 1 _aTrabajos de la Comisión de Investigaciones Paleontológicas y Prehistóricas ;
_v2
594 _aPrecede al tít.: Junta para Ampliación de Estudios e Investigaciones Científicas, Instituto Nacional de Ciencias Físico-Naturales.
650 7 _aPintura rupestre-
_zLlanes (Asturias)
_2
_9164835
700 1 _aCabré Aguiló, Juan,
_d1882-1947
_933266
700 1 _aVega del Sella, Ricardo,
_cDuque de Estrada y Martínez de Morentín, Conde de la Vega del Sella.
_9164836
830 0 _aTrabajos de la Comisión de Investigaciones Paleontológicas y Prehistóricas ;
_v2
_9184854
852 _aES-MaACL
_jB-12999(1)
999 _c145726
_d145726